भारत की शान एवं राष्ट्रीय स्वयंसेवकों की गौरवगाथएं (Record no. 60367)
[ view plain ]
| 000 -LEADER | |
|---|---|
| fixed length control field | 00604nam a22001577a 4500 |
| 003 - CONTROL NUMBER IDENTIFIER | |
| control field | macl |
| 005 - DATE AND TIME OF LATEST TRANSACTION | |
| control field | 20190630130744.0 |
| 008 - FIXED-LENGTH DATA ELEMENTS--GENERAL INFORMATION | |
| fixed length control field | 190630b xxu||||| |||| 00| 0 eng d |
| 040 ## - CATALOGING SOURCE | |
| Transcribing agency | macl |
| 082 ## - DEWEY DECIMAL CLASSIFICATION NUMBER | |
| Classification number | 920/TIW |
| 100 ## - MAIN ENTRY--PERSONAL NAME | |
| Personal name | प्रकाश चन्द्र तिवारी |
| 9 (RLIN) | 75695 |
| 245 ## - TITLE STATEMENT | |
| Title | भारत की शान एवं राष्ट्रीय स्वयंसेवकों की गौरवगाथएं |
| 260 ## - PUBLICATION, DISTRIBUTION, ETC. (IMPRINT) | |
| Place of publication, distribution, etc. | दिल्ली |
| Name of publisher, distributor, etc. | पांडुलिपि प्रकाशन |
| Date of publication, distribution, etc. | 2018 |
| 650 ## - SUBJECT ADDED ENTRY--TOPICAL TERM | |
| Topical term or geographic name as entry element | जीवनी |
| 9 (RLIN) | 7943 |
| 942 ## - ADDED ENTRY ELEMENTS (KOHA) | |
| Source of classification or shelving scheme | |
| Koha item type | Hindi Books |
| Withdrawn status | Lost status | Source of classification or shelving scheme | Damaged status | Not for loan | Home library | Current library | Date acquired | Cost, normal purchase price | Total Checkouts | Full call number | Barcode | Date last seen | Price effective from | Koha item type |
|---|---|---|---|---|---|---|---|---|---|---|---|---|---|---|
| MACL | MACL | 30/06/2019 | 750.00 | 920/TIW | CRH036369 | 30/06/2019 | 30/06/2019 | Hindi Books |









